Normal view
MARC view
Entry Personal Name
001 - CONTROL NUMBER
- control field: 57477
003 - CONTROL NUMBER IDENTIFIER
- control field: dpl
005 - DATE AND TIME OF LATEST TRANSACTION
- control field: 20230926124610.0
008 - FIXED-LENGTH DATA ELEMENTS
- fixed length control field: 230926|| aca||aabn | a|a d
040 ## - CATALOGING SOURCE
- Original cataloging agency: dpl
- Transcribing agency: dpl
100 ## - HEADING--PERSONAL NAME
- Personal name: Hasnain, Syed Ata
670 ## - SOURCE DATA FOUND
- Source citation: Work cat.: (dpl)198557: Pentagon's yearbook South Asia Defence and Strategic Perspective, 2016
